TV Debuts: 2017 Quiz Stats

 Plays Quiz Updated Jan 22, 2018

Score 0/18 Timer 06:00
4 Plays Today
Hint Answer % Correct
The Handmaid's Tale
77.6%
Young Sheldon
75.9%
Star Trek: Discovery
66.3%
The Good Doctor
58.9%
13 Reasons Why
55.7%
Big Little Lies
48.3%
Iron Fist
45.2%
A Series of Unfortunate Events
39.1%
Santa Clarita Diet
38.6%
Hint Answer % Correct
Big Mouth
36%
The Mick
29.9%
American Gods
25.5%
Dear White People
25%
Taboo
18.4%
Legion
17.2%
Godless
13.7%
American Vandal
12.4%
Alias Grace
10.7%

You're not logged in!

Compare scores with friends on all Sporcle quizzes.
OR
Log In

Sporcle TV

Today on Sporcle TV


Watch our educational content, quiz creation guides, and fun videos on Sporcle TV.

Show Comments

Extras

Top Quizzes Today


Score Distribution

Your Account Isn't Verified!

In order to create a playlist on Sporcle, you need to verify the email address you used during registration. Go to your Sporcle Settings to finish the process.

Report this User

Report this user for behavior that violates our Community Guidelines.

Details: